000 01284nam a2200361 i 4500
003 EG-ScBUE
005 20250126113530.0
008 150816t2007 nyua f 001 0 eng d
020 _a9780071106085
020 _a0071106081
035 _a(OCoLC)ocm61704795
040 _aEG-ScBUE
_beng
_erda
_cEG-ScBUE
_dEG-ScBUE
082 0 4 _a530
_bGIA
_222
100 1 _aGiambattista, Alan,
_eauthor.
245 1 0 _aCollege physics /
_cAlan Giambattista, Cornell University, Betty McCarthy Richardson, Cornell University, Robert C. Richardson, Cornell University.
250 _aSecond edition.
264 1 _aNew York :
_bMcGraw-Hill Higher Education,
_c[2007]
264 4 _cc2007
300 _a1 volume (various pagings) :
_bcolor illustrations ;
_c29 cm
336 _2rdacontent
_atext
_btxt
337 _aunmediated
_2rdamedia
_bn
338 _avolume
_bnc
_2rdacarrier
500 _aIncludes index.
590 _ayassmeen ashraf
650 7 _aPhysics.
_2BUEsh
651 _2BUEsh
653 _bENGGEN
_cAugust2015
655 _vReading book
700 1 _aRichardson, Betty McCarthy,
_eauthor.
700 1 _aRichardson, Robert C.
_q(Robert Coleman),
_d1937-
_eauthor.
856 4 1 _3Table of contents
_uhttp://www.loc.gov/catdir/toc/ecip0519/2005027977.html
942 _cBB
_2ddc
999 _c8193
_d8193